Odyogik sajamtatta aru sramik kalyan. (Record no. 227)

MARC details
000 -LEADER
fixed length control field 00591cam a2200229ua 4500
001 - CONTROL NUMBER
control field 268
005 - DATE AND TIME OF LATEST TRANSACTION
control field 20260515113137.0
008 - FIXED-LENGTH DATA ELEMENTS--GENERAL INFORMATION
fixed length control field 111220n ii |||gr||||Z||||||eng
040 ## - CATALOGING SOURCE
Transcribing agency MAIN
082 ## - DEWEY DECIMAL CLASSIFICATION NUMBER
Classification number 306.36
245 ## - TITLE STATEMENT
Title Odyogik sajamtatta aru sramik kalyan.
Statement of responsibility, etc. By Probhash Kr. Borah.
250 ## - EDITION STATEMENT
Edition statement 1st.
260 ## - PUBLICATION, DISTRIBUTION, ETC.
Place of publication, distribution, etc. Jorhat.:
Name of publisher, distributor, etc. Unika prakashan.,
Date of publication, distribution, etc. 2009.
300 ## - PHYSICAL DESCRIPTION
Extent 232 p.:5 cm.
653 ## - INDEX TERM--UNCONTROLLED
Uncontrolled term Sociology.
653 ## - INDEX TERM--UNCONTROLLED
Uncontrolled term Odyogik samajtatta.
653 ## - INDEX TERM--UNCONTROLLED
Uncontrolled term Industrial sociology
653 ## - INDEX TERM--UNCONTROLLED
Uncontrolled term Sramik kalyan
700 ## - ADDED ENTRY--PERSONAL NAME
Personal name Borah, Probhash Kr.,
700 ## - ADDED ENTRY--PERSONAL NAME
Personal name Sarmah, Dipankar.,
942 ## - ADDED ENTRY ELEMENTS (KOHA)
Koha item type Books
Holdings
Withdrawn status Lost status Damaged status Not for loan Home library Current library Shelving location Date acquired Total checkouts Full call number Barcode Date last seen Copy number Price effective from Koha item type
        Naharkatiya College Library Naharkatiya College Library General stacks 09/19/2020   306.36 | BOR 19164 09/19/2020 4 09/19/2020 Books
        Naharkatiya College Library Naharkatiya College Library General stacks 09/19/2020   306.36 | BOR 19165 09/19/2020 3 09/19/2020 Books
        Naharkatiya College Library Naharkatiya College Library General stacks 09/19/2020   306.36 | BOR 19166 09/19/2020 5 09/19/2020 Books
        Naharkatiya College Library Naharkatiya College Library General stacks 09/19/2020   306.36 | BOR 19604 09/19/2020 2 09/19/2020 Books
        Naharkatiya College Library Naharkatiya College Library General stacks 09/19/2020   306.36 | BOR 19605 09/19/2020 1 09/19/2020 Books